| 000 | 01166cam a2200253 4500 | ||
|---|---|---|---|
| 001 | J128764 | ||
| 002 | 8011 | ||
| 008 | 031017s2004 xxk f s 000 0 eng d | ||
| 020 | _a0946805997 | ||
| 035 | _a(Sirsi) u128764 | ||
| 041 | 0 | _aeng | |
| 050 | 0 | 4 |
_a692.5 _c18 |
| 245 | 0 | 0 |
_aWessex comprehensive building price book 2005 _b2005 Wessex major works estimating price book |
| 250 | _a22nd ed. | ||
| 260 |
_aPoole _bWessex _c2004 |
||
| 300 |
_aCa. 1000p. _c30cm. |
||
| 350 | _a95 | ||
| 520 | _aThis latest edition provides building contractors and consultants with a comprehensive guide to the current (net cost) unit prices for major building work. Prices are based upon a building of two or three storeys of the administrative or recreational type, such as offices, libraries, community centres and sports halls, architect designed and supervised with a tender price in the range of £750 000 to £1 5000 000, providing reasonable quantities of work in all trades. | ||
| 520 | _aSuperseeded by 23rd edition (ISBN 095473694X). | ||
| 651 | 4 |
_aUnited Kingdom _y |
|
| 690 | _aBUILT ENVIRONMENT-BUILDING COSTS | ||
| 700 | 1 |
_aBarnett, N. P. _eEditor |
|
| 942 | _n0 | ||
| 999 |
_c104009 _d104009 |
||